| 000 -LEADER |
| fixed length control field |
00596nam a22002177a 4500 |
| 008 - FIXED-LENGTH DATA ELEMENTS--GENERAL INFORMATION |
| fixed length control field |
150601b xxu||||| |||| 00| 0 eng d |
| 020 ## - INTERNATIONAL STANDARD BOOK NUMBER |
| International Standard Book Number |
0256100209 |
| 041 0# - LANGUAGE CODE |
| Language code of text/sound track or separate title |
eng |
| 080 ## - UNIVERSAL DECIMAL CLASSIFICATION NUMBER |
| Universal Decimal Classification number |
338 |
| 100 1# - Rafti |
| Rafti |
Bateman, Thomas S. |
| 245 10 - TITLE STATEMENT |
| Title |
Management : |
| Statement of responsibility, etc |
Thomas S. Bateman, Carl P. Zeithaml. |
| 250 ## - |
| -- |
2nd ed. |
| 260 ## - |
| -- |
Homewood, IL : |
| -- |
Irwin, |
| -- |
c1993. |
| 300 ## - |
| -- |
662, [47] f. : |
| -- |
me il.; |
| -- |
29 cm. |
| 500 ## - |
| -- |
Preface: f.III |
| 505 ## - |
| -- |
Index: f.NI-1 - SI-14 |
| 650 #0 - |
| -- |
Organizimi |
| 650 #0 - |
| -- |
Udhëheqja |
| 700 1# - |
| -- |
Zeithaml, Carl P. |
| 942 ## - ADDED ENTRY ELEMENTS (KOHA) |
| Source of classification or shelving scheme |
|
| Item type |
Books |